| 000 | 00500nam a2200169 a 4500 | ||
|---|---|---|---|
| 005 | 20210223121022.0 | ||
| 008 | 991125s1988 bar 000 0 spa u | ||
| 035 | _aUPN01000010870 | ||
| 049 | _aCG | ||
| 050 | 4 |
_aD131 _aH5.38 |
|
| 100 | 1 | _aHilton, Rodney | |
| 245 | 1 | 0 |
_aConflicto de clases y crisis del feudalismo / _cRodney Hilton ; tr. Enrique Gavilán. |
| 260 |
_aBarcelona, Esp. : _bCrítica$bGrijalbo, _c1988. |
||
| 300 | _a211 p. | ||
| 650 | 4 |
_aFEUDALISMO - _xHISTORIA _923884 |
|
| 905 | _aLibro | ||
| 999 |
_c10870 _d10870 |
||